|
|
|
|
| LEADER |
00000nam0a2200000 4500 |
| 001 |
270803 |
| 005 |
20231101234358.0 |
| 010 |
|
|
|a 9785918720707
|
| 035 |
|
|
|a (RuTPU)RU\TPU\book\293984
|
| 090 |
|
|
|a 270803
|
| 100 |
|
|
|a 20141002d2015 m y0rusy50 ca
|
| 101 |
0 |
|
|a rus
|
| 102 |
|
|
|a RU
|
| 105 |
|
|
|a a j 001zy
|
| 200 |
1 |
|
|a Конструирование и тепловой расчет паровых котлов
|e учебное пособие
|f И. Д. Фурсов
|
| 205 |
|
|
|a 3-е изд., перераб. и доп.
|
| 210 |
|
|
|a Москва
|c Альянс
|d 2015
|
| 215 |
|
|
|a 299 с.
|c ил.
|
| 320 |
|
|
|a Библиогр.: с. 299.
|
| 330 |
|
|
|a Содержит рекомендации и справочный материал по выбору основных конструктивных решений и тепловому расчету паровых котлов.Пособие основано на нормативном методе теплового расчета котлов и методических указаниях по проектированию топочных устройств энергетических котлов АООТ НПО ЦКТИ и ВТИ.Предназначено для студентов высших учебных заведений, обучающихся по направлению 141100 «Энергетическое машиностроение». Может быть полезно преподавателям и аспирантам, специализирующимся по энергомашиностроительным и теплоэнергетическим направлениям подготовки специалистов.
|
| 606 |
1 |
|
|a Паровые котлы
|x Конструкция и расчет
|2 stltpush
|3 (RuTPU)RU\TPU\subj\73864
|9 86597
|
| 610 |
1 |
|
|a компоновка
|
| 610 |
1 |
|
|a продукты сгорания
|
| 610 |
1 |
|
|a воздух
|
| 610 |
1 |
|
|a энтальпия
|
| 610 |
1 |
|
|a тепловой баланс
|
| 610 |
1 |
|
|a топочные камеры
|
| 610 |
1 |
|
|a конструирование
|
| 610 |
1 |
|
|a тепловой расчет
|
| 610 |
1 |
|
|a пароперегреватели
|
| 610 |
1 |
|
|a поверхности нагрева
|
| 610 |
1 |
|
|a подвесные трубы
|
| 610 |
1 |
|
|a фестон
|
| 610 |
1 |
|
|a поверочный расчет
|
| 610 |
1 |
|
|a теплопередача
|
| 610 |
1 |
|
|a температурный напор
|
| 610 |
1 |
|
|a учебные пособия
|
| 675 |
|
|
|a 621.181.001(075.8)
|v 3
|
| 700 |
|
1 |
|a Фурсов
|b И. Д.
|g Иван Дмитриевич
|
| 801 |
|
1 |
|a RU
|b 63413507
|c 20141002
|
| 801 |
|
2 |
|a RU
|b 63413507
|c 20220831
|g RCR
|
| 900 |
|
|
|a Конструирование и тепловой расчет паровых котлов
|
| 900 |
|
|
|a Паровые котлы
|
| 942 |
|
|
|c BK
|
| 954 |
|
|
|a 552700
|b 141100
|l 8
|
| 959 |
|
|
|a 133/20141001
|d 100
|e 0
|f ЧЗТЛ:1
|f АНЛ:1
|f УФ:98
|